01094nam0a2200205 4500001001800000005001700018035002600035100004100061101000800102102000700110105001600117200044900133210004100582215001500623541014600638601002600784686001400810801002800824852003600852RU\NLR\ONL1\1223120250613121249.0 a(NLR Aleph) 009640976 a20070912d1989 |||y0rusy50 ca0 audm aRU ay |||||||||1 aСоветской Социалистической Республикаослэн Союзылэн Конституциез (Основной Законэз)eвоштонъёсын но ватсанъёсын, кудъёсыз пыртэмын СССР Законэныз 1988 ар. 1 дек. СССР Верхов. Советлэн дас одигети созывезлэн дас кыкети внеочеред. сессияз aИжевскcУдмуртияd1989 a60 с.d201 aКонституция Союза Советских Социалистических Республик (Основной Закон)zrus023RU\NLR\auth\6610737301 aХ620.113 0aRUbNLRc20070912gPSBO aNLRbОНЛjУдмур./2-1529